000 00467nam a2200145Ia 4500
008 231129s1997||||xx |||||||||||||| ||spa||
020 _a958-95765-0-8
040 _bspa
082 _a376.9861 F796m
100 _aFoz y Foz Pilar
245 0 _aMujer y educacion en Colombia siglos XVI-XIX: aportaciones del Colegio de la Ensenanza 1783-1900
260 _c1997
264 _aAcademia Colombiana de Historia
942 _2ddc
_cBKS
999 _c21466
_d21466